000 00869nam a22001817a 4500
999 _c61229
_d61229
005 20240109142252.0
008 240109s1962 gr ||||| |||| 00| 0 grc d
041 _agrc
080 _a94(37) A-67
245 _aAppiani Historia romana :
_bVol. 1 : Prooemium Iberica, Annibaica, Libycas, Illurica, Syriaca, Mithridatica Fragmenta /
_cAppianus, of Alexandria ; ed. stereotypacorrectior addenda et corrigenda adiceit E. Gabba ; ediderunt P. Viereck et A.G. Roos.
264 _aLipsiae :
_baedibus B. G. Teubneri,
_c1962.
300 _a547 p. ;
_b21 cm.
653 _aძველი რომის ისტორია
700 _aGabba, E.
_eრედაქტორი
_920982
700 _aViereck, Paul, 1865-1944
_eრედაქტორი
_920983
700 _aRoos, A. G. (Antoon Gerard)
_eრედაქტორი
_920984
942 _2udc
_cᲬᲘᲒᲜᲘ